<?xml version="1.0" encoding="UTF-8"?>
<record
    xmlns:xsi="http://www.w3.org/2001/XMLSchema-instance"
    xsi:schemaLocation="http://www.loc.gov/MARC21/slim http://www.loc.gov/standards/marcxml/schema/MARC21slim.xsd"
    xmlns="http://www.loc.gov/MARC21/slim">

  <leader>01703nam a22002657a 4500</leader>
  <datafield tag="999" ind1=" " ind2=" ">
    <subfield code="c">4426</subfield>
    <subfield code="d">4426</subfield>
  </datafield>
  <controlfield tag="003">DO-SdBJH</controlfield>
  <controlfield tag="005">20191113214917.0</controlfield>
  <controlfield tag="008">180723b           ||||| |||| 00| 0 spa d</controlfield>
  <datafield tag="040" ind1=" " ind2=" ">
    <subfield code="a">DO-SdBJH</subfield>
    <subfield code="b">spa</subfield>
    <subfield code="c">DO-SdBJH</subfield>
  </datafield>
  <datafield tag="090" ind1=" " ind2=" ">
    <subfield code="a">TG EGDC</subfield>
    <subfield code="b">01173 2017</subfield>
  </datafield>
  <datafield tag="100" ind1="1" ind2=" ">
    <subfield code="a">Pe&#xF1;a Miliano, Juan Humberto</subfield>
    <subfield code="e">sustentante</subfield>
  </datafield>
  <datafield tag="245" ind1="1" ind2="0">
    <subfield code="a">Propuesta de un plan de codificaci&#xF3;n de armamento de las unidades navales mayores de la Armada de Rep&#xFA;blica Dominicana en el a&#xF1;o 2017 / </subfield>
    <subfield code="c">Juan Humberto Pe&#xF1;a Miliano, asesores C&#xE9;sar Le&#xF3;nidas P&#xE9;rez, Francisco Antonio Acosta P&#xE9;rez</subfield>
  </datafield>
  <datafield tag="260" ind1=" " ind2=" ">
    <subfield code="a">Santo Domingo :</subfield>
    <subfield code="b">INSUDE</subfield>
    <subfield code="c">2017</subfield>
  </datafield>
  <datafield tag="300" ind1=" " ind2=" ">
    <subfield code="a">xi, 69 p&#xE1;ginas, ilustraciones-fotos-l&#xE1;minas</subfield>
  </datafield>
  <datafield tag="502" ind1=" " ind2=" ">
    <subfield code="a">Tesis (Especialidad en Comando y Estado Mayor Conjunto) -- Instituto Superior para la Defensa (INSUDE). &#x2013; Escuela de Graduados de Doctrina Conjunta &#x201C;General de Divisi&#xF3;n Gregorio Luper&#xF3;n&#x201D; 2017.</subfield>
  </datafield>
  <datafield tag="504" ind1=" " ind2=" ">
    <subfield code="a"> Incluye referencias bibliogr&#xE1;ficas e &#xED;ndices</subfield>
  </datafield>
  <datafield tag="505" ind1=" " ind2=" ">
    <subfield code="a">Composici&#xF3;n de la armas de las unidades navales mayores. -- Importancia de realizar un plan de codificaci&#xF3;n de armas a las unidades navales mayores. -- Plan de codificaci&#xF3;n del armamento de las unidades navales mayores de la Armada de Rep&#xFA;blica Dominicana</subfield>
  </datafield>
  <datafield tag="650" ind1=" " ind2="4">
    <subfield code="a">Plan de codificaci&#xF3;n de armas -- Unidades navales</subfield>
  </datafield>
  <datafield tag="650" ind1=" " ind2="4">
    <subfield code="a">Armamento de unidades navales mayores -- Armada (propuesta)</subfield>
  </datafield>
  <datafield tag="651" ind1=" " ind2="4">
    <subfield code="a">Rep&#xFA;blica Dominicana. Ej&#xE9;rcito -- Unidades navales</subfield>
  </datafield>
  <datafield tag="700" ind1="1" ind2=" ">
    <subfield code="a">Le&#xF3;nidas P&#xE9;rez, C&#xE9;sar</subfield>
    <subfield code="e">asesor</subfield>
  </datafield>
  <datafield tag="700" ind1="1" ind2=" ">
    <subfield code="a">Acosta P&#xE9;rez, Francisco Antonio</subfield>
    <subfield code="e">asesor</subfield>
  </datafield>
  <datafield tag="830" ind1=" " ind2=" ">
    <subfield code="a">INSUDE.  Escuela de Graduados de Doctrina Conjunta &#x201C;General de Divisi&#xF3;n Gregorio Luper&#xF3;n&#x201D; 2017. Tesis y disertaciones acad&#xE9;micas</subfield>
  </datafield>
  <datafield tag="942" ind1=" " ind2=" ">
    <subfield code="2">ddc</subfield>
    <subfield code="c">T</subfield>
  </datafield>
  <datafield tag="952" ind1=" " ind2=" ">
    <subfield code="0">0</subfield>
    <subfield code="1">0</subfield>
    <subfield code="2">ddc</subfield>
    <subfield code="4">0</subfield>
    <subfield code="7">1</subfield>
    <subfield code="8">TG</subfield>
    <subfield code="a">BJHA</subfield>
    <subfield code="b">BJHA</subfield>
    <subfield code="d">2018-07-23</subfield>
    <subfield code="i">17-01173</subfield>
    <subfield code="l">0</subfield>
    <subfield code="o">TG EGDC 01173 2017</subfield>
    <subfield code="p">17-01173</subfield>
    <subfield code="r">2018-10-06 00:00:00</subfield>
    <subfield code="t">e.1</subfield>
    <subfield code="w">2018-07-23</subfield>
    <subfield code="y">T</subfield>
  </datafield>
</record>
